[Event "Match"]
[Site "www.echecsemail.com"]
[Date "2017.09.22"]
[Round "1"]
[White "Irene"]
[Black "Liencam2"]
[WhiteElo "2130"]
[BlackElo "2300"]
[Result "0-1"]
[Round "1"]
1.d4 Ng8f6
2.Nb1c3 g6
3.e4 d6
4.Bf1e2 a6
5.f4 b5
6.Be2f3 c6
7.Bc1e3 Bf8g7
8.e5 dxe5
9.dxe5 Nf6d7
10.Qd1e2 Nd7b6
11.Be3xb6 Qd8xb6
12.O-O-O Bc8e6
13.a3 Ra8a7
14.Ng1h3 h6
15.g4 h5
16.Nh3g5 Be6c4
17.Qe2g2 b4
18.Nc3b1 bxa3
19.Nb1xa3 Bc4b5
20.gxh5 gxh5
21.Rh1g1 e6
22.Ng5xe6 fxe6
23.Qg2g6 Kf8
24.Bf3xh5 Ra7e7
25.Rd1d6 Rh8h6
26.Qg6g5 Rh6xh5
27.Qg5g3 Nb8d7
28.Rg1d1 Qb6b7
29.Qg3g2 Bg7h6
30.Qg2g4 Rh5f5
31.Rd1g1 Re7g7
32.Qg4d1 Bh6xf4
33.Kb1 Bf4xe5
34.Rd6xe6 Bb5e2
35.Re6xe5 Rf5xe5
36.Qd1d6 Kg8
37.Rg1e1 Qb7b8
38.Qd6d2 Qb8e8
39.Qd2h6 Be2h5
40.Re1f1 Re5e1
41.Rf1xe1 Qe8xe1
42.Ka2 Bh5f7
43.b3 Rg7g1
44.Kb2 Qe1a1
{ resign }
0-1

[Event "Tourn. n9394"]
[Site "www.chess-mail.com"]
[Date "2017.09.23"]
[Round "1"]
[White "Aperturaf"]
[Black "Sorento"]
[WhiteElo "2650"]
[BlackElo "2440"]
[Result "1-0"]
[Round "1"]
1.e4 e5
2.f4 exf4
3.Ng1f3 d6
4.d4 Nb8c6
5.Bc1xf4 Bc8g4
6.c3 f5
7.Qd1b3 fxe4
8.Nf3g5 Qd8f6
9.Qb3xb7 Qf6xf4
10.Qb7xc6 Ke7
11.Qc6xe4 Qf4xe4
12.Ng5xe4 Ra8b8
13.b3 Kd7
14.Bf1c4 Ng8f6
15.Ne4xf6 gxf6
16.O-O Bf8h6
17.d5 Rh8g8
18.Kh1 Bg4h5
19.Nb1a3 Bh6d2
20.Bc4b5 Kd8
21.Na3b1 Bd2e3
22.Bb5d3 Rg8g5
23.Nb1a3 Rg5xd5
24.Bd3xh7 Be3g5
25.c4 Rd5e5
26.Na3b5 Bh5e8
27.Bh7d3 a5
28.Ra1d1 Rb8b6
29.h3  { time }
1-0

[Event "Tourn. n9501"]
[Site "www.chess-mail.com"]
[Date "2017.09.23"]
[Round "1"]
[White "Falcoale"]
[Black "Picifarkinca"]
[WhiteElo "2020"]
[BlackElo "2080"]
[Result "1-0"]
[Round "1"]
1.e4 c6
2.d4 d5
3.e5 b5
4.Ng1f3 a5
5.h3 Bc8f5
6.Bf1e2 e6
7.Bc1f4 h6
8.O-O Qd8b6
9.Nf3h4 Bf5h7
10.c3 Bf8e7
11.Nh4f3 Nb8d7
12.Nb1d2 f6
13.Rf1e1 c5
14.Nd2f1 Ra8c8
15.Qd1b3 c4
16.Qb3d1 b4
17.Bf4d2 bxc3
18.bxc3 Rc8b8
19.Bd2f4 Rb8b7
20.Nf1d2 Qb6b2
21.Nf3h2 { resign }
1-0

[Event "Tourn. n9511"]
[Site "www.chess-mail.com"]
[Date "2017.09.23"]
[Round "1"]
[White "Falcoale"]
[Black "Picifarkinca"]
[WhiteElo "1990"]
[BlackElo "2080"]
[Result "1-0"]
[Round "1"]
1.e4 c6
2.d4 d5
3.e5 Bc8f5
4.Ng1f3 e6
5.Bf1e2 Nb8d7
6.O-O Qd8b6
7.Nb1c3 c5
8.Nc3a4 Qb6a5
9.Na4xc5 Nd7xc5
10.dxc5 Qa5xc5
11.c3 Ng8e7
12.Bc1e3 Qc5c7
13.Be3f4 O-O-O
14.Nf3d4 Bf5g6
15.h3 Ne7c6
16.Nd4xc6 Qc7xc6
17.Ra1c1 Kb8
18.Be2f3 Qc6a6
19.a3 { resign }
1-0

[Event "Tourn. n9412"]
[Site "www.chess-mail.com"]
[Date "2017.09.23"]
[Round "1"]
[White "Rons"]
[Black "Szustan"]
[WhiteElo "2570"]
[BlackElo "2550"]
[Result "1-0"]
[Round "1"]
1.e4 e5
2.Ng1f3 Nb8c6
3.Bf1b5 a6
4.Bb5a4 Ng8f6
5.O-O Nf6xe4
6.d4 b5
7.Ba4b3 d5
8.dxe5 Bc8e6
9.Nb1d2 Ne4c5
10.c3 d4
11.Bb3xe6 Nc5xe6
12.cxd4 Nc6xd4
13.Nd2e4 Bf8e7
14.Bc1e3 Nd4f5
15.Qd1c2 O-O
16.Ra1d1 Nf5xe3
17.fxe3 Qd8e8
18.h3 c5
19.Ne4d6 Qe8c6
20.Nd6f5 Qc6c7
21.Qc2e4 Rf8d8
22.Rd1d6 Rd8f8
23.Rf1d1 Ra8d8
24.Rd1d5 g6
25.Nf5xe7 Qc7xe7
26.Rd6xa6 Rd8xd5
27.Qe4xd5 b4
28.Ra6a8 Rf8xa8
29.Qd5xa8 Ne6f8
30.Qa8d5 Nf8e6
31.Nf3d2 Qe7h4
32.Nd2c4 Qh4e1
33.Kh2 Qe1a1
34.Nc4d6 Qa1xb2
35.Nd6xf7 Kxf7
36.Qd5d7 Kf8
37.Qd7xe6 Qb2c3
38.Qe6c8 Kg7
39.Qc8c7 Kg8
40.e6 Qc3f6
41.e7 Kf7
42.Qc7xc5 Qf6c3
43.Qc5g5 Ke8
44.e4 Qc3b2
45.Qg5c5 Qb2xa2
46.Qc5d6 Qa2a8
47.Qd6f6 { resign }
1-0

[Event "Tourn. n9472"]
[Site "www.chess-mail.com"]
[Date "2017.09.23"]
[Round "1"]
[White "Sorim"]
[Black "Picifarkinca"]
[WhiteElo "1930"]
[BlackElo "2020"]
[Result "1-0"]
[Round "1"]
1.e4 e6
2.c4 b6
3.d4 Bc8b7
4.Nb1c3 Bf8b4
5.Bf1d3 d5
6.cxd5 exd5
7.e5 Nb8d7
8.Qd1g4 Kf8
9.Ng1e2 h5
10.Qg4g3 Ng8h6
11.Ne2f4 c5
12.O-O cxd4
13.Nc3xd5 Bb4c5
14.b4 Nd7xe5
15.bxc5 Ne5xd3
16.Qg3xd3 Bb7xd5
17.Nf4xh5 Nh6g4
18.Qd3xd4 Rh8xh5
19.Qd4xg4 Qd8h4
20.Qg4xh4 Rh5xh4
21.Rf1d1 Bd5e6
22.cxb6 axb6
23.Bc1e3 { resign }
1-0

[Event "Tourn. n9487"]
[Site "www.chess-mail.com"]
[Date "2017.09.23"]
[Round "1"]
[White "Amaya"]
[Black "Churrasca"]
[WhiteElo "2070"]
[BlackElo "1910"]
[Result "0-1"]
[Round "1"]
1.d4 Ng8f6
2.e3 d5
3.Bf1d3 Nb8c6
4.c3 e5
5.f3 Bf8d6
6.Nb1d2 O-O
7.a3 Rf8e8
8.Ng1e2 e4
9.fxe4 dxe4
10.Bd3c4 a6
11.O-O Nf6g4
12.Bc4xf7 Kh8
13.Bf7xe8 Qd8xe8
14.Ne2f4 Ng4xe3
15.Qd1e2 Ne3xf1
16.Nd2xf1 Nc6a5
17.Bc1e3 Qe8f7
18.Nf1g3 Bd6xf4
19.Be3xf4 Qf7xf4
20.Ra1f1 Qf4d6
21.Qe2xe4 Bc8d7
22.Qe4f3 Na5c4
23.Ng3e4 Qd6e7
24.Ne4c5 Bd7c6
25.Qf3d3 Nc4xb2
26.Qd3c2 Nb2c4
27.Nc5d3 Nc4e3
28.Rf1e1 Qe7g5
29.Qc2f2 Ne3xg2
30.Re1e5 Qg5g6
31.Kf1 Qg6xd3
32.Kg1 Qd3xc3
33.Re5f5 Qc3a1
34.Qf2f1 Qa1xd4
{ resign }
0-1

[Event "Tourn. n9542"]
[Site "www.chess-mail.com"]
[Date "2017.09.23"]
[Round "1"]
[White "Apdash"]
[Black "Cjood"]
[WhiteElo "2049"]
[BlackElo "2010"]
[Result "1-0"]
[Round "1"]
1.d4 Ng8f6
2.Ng1f3 e6
3.c4 b6
4.g3 Bc8b7
5.Bf1g2 d6
6.Bc1g5 h6
7.Bg5d2 Bf8e7
8.Nb1c3 Nb8d7
9.Qd1c2 g5
10.b4 d5
11.c5 bxc5
12.bxc5 c6
13.Ra1b1 Ra8b8
14.Qc2a4 a5
15.Qa4c2 Bb7a6
16.Rb1xb8 Qd8xb8
17.O-O Ba6c4
18.Rf1b1 Qb8c7
19.e4 dxe4
20.Nc3xe4 Nf6xe4
21.Qc2xe4 Bc4xa2
22.Rb1a1 Nd7f6
23.Qe4c2 Ba2d5
24.Ra1xa5 O-O
25.Qc2a4 Nf6e4
26.Bd2e3 Ne4c3
27.Qa4a1 Be7d8
28.Ra5a7 Qc7b8
29.Nf3e5 Nc3b5
30.Ra7a8 Qb8b7
31.Bg2xd5 cxd5
32.c6 Qb7c7
33.Qa1a6 Nb5c3
34.Ne5d7 Rf8e8
35.h4 gxh4
36.Be3f4 Nc3e2
37.Qa6xe2 Qc7xc6
38.Ra8a7 hxg3
39.fxg3 Qc6c3
40.Bf4e5 Qc3c1
41.Kg2 Qc1g5
42.Be5f4 Qg5g6
43.Nd7e5 Qg6e4
44.Qe2xe4 dxe4
45.Ne5xf7 Bd8b6
46.Nf7xh6 Kf8
47.Ra7f7 { resign }
1-0

[Event "Tourn. n9502"]
[Site "www.chess-mail.com"]
[Date "2017.09.23"]
[Round "1"]
[White "Coolant"]
[Black "Thrillerfan"]
[WhiteElo "2290"]
[BlackElo "2340"]
[Result "1-0"]
[Round "1"]
1.Nb1c3 d5
2.d4 Ng8f6
3.Bc1g5 e6
4.e4 Bf8b4
5.e5 h6
6.Bg5d2 Bb4xc3
7.bxc3 Nf6e4
8.Bf1d3 Ne4xd2
9.Qd1xd2 c5
10.f4 Nb8c6
11.Ng1f3 c4
12.Bd3e2 b5
13.O-O Qd8b6
14.Rf1b1  { time }
1-0

[Event "Tourn. n9459"]
[Site "www.chess-mail.com"]
[Date "2017.09.23"]
[Round "1"]
[White "Nulladies"]
[Black "Odin"]
[WhiteElo "1940"]
[BlackElo "1820"]
[Result "1/2-1/2"]
[Round "1"]
1.d4 f5
2.Bc1f4 d6
3.e3 Ng8f6
4.Ng1f3 Nb8d7
5.c3 Nf6e4
6.Nb1d2 d5
7.Nf3h4 g6
8.f3 e5
9.dxe5 Ne4xd2
10.Qd1xd2 g5
11.Qd2xd5 gxf4
12.exf4 Qd8xh4
13.g3 Qh4e7
14.Bf1d3 c6
15.Qd5d4 Bf8g7
16.Bd3xf5 c5
17.Qd4e4 Nd7xe5
18.fxe5 Bc8xf5
19.Qe4xf5 Qe7xe5
20.Qf5xe5 Bg7xe5
21.f4 Be5f6
22.O-O-O O-O
23.Rd1d7 b6
24.Rh1d1 h5
25.h4 a5
26.Rd7b7 Bf6d8
27.Rd1d7 Bd8f6
28.Rb7xb6 a4
29.Rb6c6 Rf8f7
30.Rd7d6 Kg7
31.Rc6xc5 Kg6
32.Rd6d5 Ra8e8
33.Rd5xh5 Re8e7
34.Rh5d5 Rf7g7
35.h5 Kh6
36.Rd5d6 Rg7f7
37.Rc5c6 Kg7
38.g4 Bf6h4
39.f5 Re7e4
40.Rd6g6 Kh7
41.Rg6h6 Kg7
42.Rh6g6 Kh7
43.Rg6h6 Kg7
44.Rh6g6 Kh7
45.Rg6h6 Kg7

1/2-1/2

[Event "Tourn. n9522"]
[Site "www.chess-mail.com"]
[Date "2017.09.23"]
[Round "1"]
[White "Claymil"]
[Black "Luban"]
[WhiteElo "2060"]
[BlackElo "2120"]
[Result "0-1"]
[Round "1"]
1.c4 e6
2.Nb1c3 d5
3.cxd5 exd5
4.d4 h6
5.g3 Ng8f6
6.Bf1g2 Bc8e6
7.Ng1f3 a6
8.O-O b5
9.a3 c5
10.b3 Nb8c6
11.dxc5 Bf8xc5
12.Bc1b2 O-O
13.Ra1c1 Ra8c8
14.e3 Nf6g4
15.Nc3xd5 Bc5a7
16.Nd5f4 Ng4xe3
17.Qd1xd8 Rf8xd8
18.fxe3 Ba7xe3
19.Kh1 Be3xc1
20.Rf1xc1 Be6xb3
21.h3 Nc6a5
22.Nf3e5 Rc8xc1
23.Bb2xc1 Rd8d1
24.Kh2 Rd1xc1
25.Ne5d3 Rc1c3
26.Nd3b4 Bb3c4
27.Nb4xa6 Rc3xa3
28.Na6b4 Na5b3
29.h4 Nb3d4
30.Kh3 Ra3a4
31.Nb4d5 Bc4xd5
32.Nf4xd5 b4
33.Bg2e4 b3
34.Nd5c3 Ra4a1
35.Kg4 b2
36.Kf4 f5
37.Be4d3 Ra1c1
38.Nc3b1 g6
39.Ke3 Nd4e6
40.Nb1d2 Rc1d1
41.Bd3b1 f4
42.gxf4 Ne6xf4
43.Kxf4 Rd1xd2
44.Bb1xg6 Rd2d1
45.h5 b1Q
46.Bg6xb1 Rd1xb1
{ resign }
0-1

[Event "Tourn. n9448"]
[Site "www.chess-mail.com"]
[Date "2017.09.23"]
[Round "1"]
[White "Lucaschess"]
[Black "Picifarkinca"]
[WhiteElo "2080"]
[BlackElo "1940"]
[Result "1-0"]
[Round "1"]
1.e4 e5
2.Ng1f3 Ng8f6
3.Bf1c4 d5
4.exd5 Bf8d6
5.O-O O-O
6.d3 e4
7.dxe4 Bc8g4
8.Rf1e1 Rf8e8
9.Bc4d3 Nb8d7
10.h3 Bg4h5
11.c4 Nd7e5
12.Bd3e2 Ne5xf3
13.Be2xf3 Bh5g6
14.Nb1c3 a6
15.a3 Re8e7
16.Bc1g5 Bd6e5
17.Qd1c2 h6
18.Bg5h4 Qd8d6
19.Ra1d1 Re7d7
20.b4 b6
21.Nc3a4 Ra8e8
22.c5 bxc5
23.bxc5 Qd6f8
24.Bf3g4 Nf6xg4
25.hxg4 Re8b8
26.f3 Rb8b5
27.Bh4f2 Rd7d8
28.Rd1b1 Rd8b8
29.Rb1xb5 axb5
30.Na4c3 Qf8d8
31.Re1b1 Qd8f6
32.Nc3xb5 { resign }
1-0

[Event "Tourn. n9531"]
[Site "www.chess-mail.com"]
[Date "2017.09.23"]
[Round "1"]
[White "Begory"]
[Black "Apdash"]
[WhiteElo "1809"]
[BlackElo "1949"]
[Result "0-1"]
[Round "1"]
1.d4 d5
2.Bc1f4 Ng8f6
3.Nb1c3 Bc8d7
4.e3 e6
5.Nc3b5 Bd7xb5
6.Bf1xb5 c6
7.Bb5d3 Bf8d6
8.Bf4g5 Nb8d7
9.Bg5xf6 Nd7xf6
10.Qd1f3 Ra8c8
11.O-O-O c5
12.Bd3b5 Nf6d7
13.dxc5 Rc8xc5
14.Bb5xd7 Qd8xd7
15.Ng1e2 Qd7a4
16.Ne2c3 Qa4a5
17.a3 Rc5c7
18.Qf3g4 Bd6e5
19.Qg4b4 Be5xc3
20.Qb4xa5 Bc3xa5
21.c3 Ke7
22.b4 Ba5b6
23.a4 Rc7xc3
24.Kb2 Rc3c4
25.Kb3 a5
26.b5 Rh8c8
27.h4 Rc4c3
28.Kb2 Rc3c2
29.Kb1 Rc2xf2
{ resign }
0-1

[Event "Tourn. n9445"]
[Site "www.chess-mail.com"]
[Date "2017.09.23"]
[Round "1"]
[White "Ejner"]
[Black "Pdebonis"]
[WhiteElo "2300"]
[BlackElo "2700"]
[Result "1/2-1/2"]
[Round "1"]
1.d4 d5
2.c4 e6
3.Ng1f3 Ng8f6
4.Nb1c3 Bf8e7
5.Bc1f4 O-O
6.e3 Nb8d7
7.a3 c5
8.cxd5 Nf6xd5
9.Nc3xd5 exd5
10.dxc5 Nd7xc5
11.Bf1e2 Be7f6
12.Qd1c2 Nc5e4
13.O-O Qd8b6
14.Bf4e5 Bf6xe5
15.Nf3xe5 Bc8f5
16.Be2d3 Ra8c8
17.Qc2e2 Rf8e8
18.Ne5f3 Bf5g4
19.h3 Bg4xf3
20.gxf3 Ne4g3
21.fxg3 Re8xe3
22.Qe2f2 Re3xd3
23.Qf2xb6 axb6
24.Ra1d1 Rd3b3
25.Rd1xd5 Rb3xb2
26.Rf1d1 Rc8e8
27.Rd5d8 Kf8
28.Rd1d7 Rb2b3
29.Rd8xe8 Kxe8
30.Rd7xb7 Rb3xf3
31.Kg2 Rf3xa3
32.Rb7xb6 h5
33.h4 Ra3c3
34.Rb6b7 g6
35.Rb7a7 Kf8
36.Kf2 Rc3b3
{ draw }
1/2-1/2

[Event "Tourn. n9332"]
[Site "www.chess-mail.com"]
[Date "2017.09.23"]
[Round "1"]
[White "Pdebonis"]
[Black "Conde7"]
[WhiteElo "2610"]
[BlackElo "2860"]
[Result "0-1"]
[Round "1"]
1.e4 c5
2.Ng1f3 d6
3.d4 cxd4
4.Nf3xd4 Ng8f6
5.Nb1c3 a6
6.Bc1g5 Nb8d7
7.Bf1e2 e6
8.O-O h6
9.Bg5e3 Qd8c7
10.a4 b6
11.Qd1e1 Bc8b7
12.f3 d5
13.exd5 Bb7xd5
14.Nc3xd5 Nf6xd5
15.Be3f2 Nd5f4
16.Ra1d1 Bf8e7
17.g3 Nf4xe2
18.Qe1xe2 Nd7f6
19.Rd1d2 O-O
20.Rf1d1 Rf8e8
21.Kg2 Be7f8
22.c3 Qc7d7
23.Nd4b5 Qd7b7
24.Nb5d4 Ra8c8
25.h3 Rc8d8
26.Bf2e3 Rd8d5
27.c4 Rd5e5
28.Qe2f2 Re5c5
29.b3 Rc5c7
30.Qf2e2 Qb7c8
31.Nd4c2 b5
32.axb5 axb5
33.cxb5 Nf6d5
34.Be3d4 e5
35.Rd1e1 Qc8b7
36.Bd4a1 Rc7c5
37.Qe2e4 Qb7xb5
38.b4 Rc5c4
39.Rd2xd5 Qb5c6
40.b5 Rc4xc2
41.Kh1 Qc6c8
42.g4 Rc2c4
43.Qe4b1 e4
44.fxe4 Re8xe4
45.Re1xe4 Rc4c1
46.Re4e1 Rc1xb1
47.Re1xb1 Qc8e6
48.Rb1d1 h5
49.Ba1e5 hxg4
50.hxg4 Qe6xg4
51.Be5d6 Bf8xd6
52.Rd5xd6 Qg4h5
53.Kg1 Qh5xb5
54.Rd1d4 g6
55.Kf2 Qb5f5
56.Kg3 Qf5e5
57.Kf3 Qe5h5
58.Kf2 Kg7
59.Rd6d8 Qh5h2
60.Kf3 g5
61.Rd4d2 Qh2f4
62.Kg2 Kg6
63.Rd2d4 Qf4e5
64.Rd8d6 Kh5
65.Rd6d5 Qe5e2
66.Kg1 f6
67.Rd4d2 Qe2e1
68.Kh2 f5
69.Rd5d8 Qe1e5
70.Kg1 g4
71.Rd8h8 Kg5
72.Rh8g8 Kf6
{ resign }
0-1

[Event "Tourn. n9515"]
[Site "www.chess-mail.com"]
[Date "2017.09.23"]
[Round "1"]
[White "Add"]
[Black "Picifarkinca"]
[WhiteElo "2230"]
[BlackElo "2080"]
[Result "1-0"]
[Round "1"]
1.c4 d5
2.cxd5 Qd8xd5
3.Nb1c3 Qd5d8
4.e4 e6
5.d4 c6
6.e5 Ng8e7
7.Bc1g5 Qd8a5
8.a3 Ne7d5
9.b4 Nd5xc3
10.bxa5 Nc3xd1
11.Kxd1 c5
12.Ng1f3 Nb8c6
13.Bf1b5 Bc8d7
14.Bb5xc6 Bd7xc6
15.dxc5 Bf8xc5
16.Bg5e3 { resign }
1-0

[Event "Tourn. n9489"]
[Site "www.chess-mail.com"]
[Date "2017.09.23"]
[Round "1"]
[White "Ffdd65"]
[Black "Picifarkinca"]
[WhiteElo "2130"]
[BlackElo "2090"]
[Result "1-0"]
[Round "1"]
1.e4 c6
2.d4 d5
3.e5 Bc8f5
4.Bf1d3 Bf5xd3
5.Qd1xd3 e6
6.Ng1f3 Nb8d7
7.O-O Qd8b6
8.a4 c5
9.c3 Ra8c8
10.a5 Qb6c7
11.Bc1f4 cxd4
12.cxd4 Qc7c2
13.Qd3d2 { resign }
1-0

[Event "Tourn. n9471"]
[Site "www.chess-mail.com"]
[Date "2017.09.23"]
[Round "1"]
[White "Numanoid"]
[Black "Coolant"]
[WhiteElo "2420"]
[BlackElo "2310"]
[Result "1-0"]
[Round "1"]
1.d4 Ng8f6
2.c4 e5
3.dxe5 Nf6g4
4.Ng1f3 Bf8c5
5.e3 Nb8c6
6.Nb1c3 Ng4xe5
7.Bf1e2 Bc5b4
8.O-O Bb4xc3
9.bxc3 d6
10.Nf3d4 Bc8e6
11.f4 Nc6xd4
12.cxd4 Ne5xc4
13.d5 Nc4xe3
14.Bc1xe3 Be6d7
15.Qd1d4 O-O
16.Be2d3 c5
17.dxc6 Bd7xc6
18.Ra1e1 Qd8d7
19.f5 f6
20.Be3f4 d5
21.Re1e6 Rf8e8
22.Rf1e1 Kf7
23.Re6xe8 Ra8xe8
24.Re1xe8 Qd7xe8
25.Kf2 a6
26.g4 h6
27.Qd4b6 Qe8d7
28.Qb6c7 Qd7xc7
29.Bf4xc7 { resign }
1-0

[Event "Tourn. n9466"]
[Site "www.chess-mail.com"]
[Date "2017.09.23"]
[Round "1"]
[White "Jesmantiz"]
[Black "Lucaschess"]
[WhiteElo "2190"]
[BlackElo "2110"]
[Result "1-0"]
[Round "1"]
1.d4 d5
2.e3 Bc8f5
3.Ng1e2 Ng8f6
4.Ne2g3 Bf5g6
5.Nb1d2 e6
6.Bf1e2 Bf8e7
7.O-O O-O
8.a3 a5
9.f4 h6
10.Nd2f3 c5
11.c3 c4
12.Nf3e5 Bg6h7
13.f5 Nb8d7
14.b3 cxb3
15.Qd1xb3 Qd8c7
16.a4 Nd7xe5
17.dxe5 Qc7xe5
18.e4 Be7c5
19.Kh1 b6
20.Bc1f4 { resign }
1-0

[Event "Match"]
[Site "www.echecsemail.com"]
[Date "2017.09.23"]
[Round "1"]
[White "Estonia"]
[Black "Cjood"]
[WhiteElo "2040"]
[BlackElo "2010"]
[Result "1-0"]
[Round "1"]
1.e4 e5
2.Ng1f3 Ng8f6
3.Nb1c3 d6
4.d4 c6
5.Bf1e2 Nb8d7
6.Bc1g5 Bf8e7
7.O-O exd4
8.Nf3xd4 Nf6xe4
9.Bg5xe7 Qd8xe7
10.Nc3xe4 Qe7xe4
11.c3 O-O
12.Be2f3 Qe4e8
13.Rf1e1 Nd7e5
14.Qd1c2 Ne5xf3
15.Nd4xf3 Qe8d7
16.Ra1d1 b5
17.Nf3g5 g6
18.Ng5e4 Qd7f5
19.Qc2d2 d5
20.Ne4g3 Qf5d7
21.Qd2g5 f6
22.Qg5d2 Qd7f7
23.Qd2d4 Bc8g4
24.f3 Bg4d7
25.Ng3f1 a5
26.b3 a4
27.Qd4c5 axb3
28.axb3 Rf8e8
29.Re1xe8 Ra8xe8
30.Nf1e3 Qf7e6
31.Rd1e1 Qe6f7
32.Re1a1 d4
33.Qc5xd4 Qf7xb3
34.Qd4xd7 Re8xe3
35.Ra1a8 { resign }
1-0

[Event "Match"]
[Site "www.echecsemail.com"]
[Date "2017.09.23"]
[Round "1"]
[White "Caspito"]
[Black "Pinehill"]
[WhiteElo "1870"]
[BlackElo "2090"]
[Result "0-1"]
[Round "1"]
1.e4 d5
2.Qd1f3 dxe4
3.Qf3xe4 Ng8f6
4.Qe4h4 Bc8f5
5.d3 e6
6.Bc1g5 Bf8e7
7.Ng1f3 h6
8.Bf1e2 O-O
9.Bg5xh6 Nf6g4
10.Qh4g3 Ng4xh6
11.h3 Be7d6
12.Qg3h4 Nb8c6
13.g4 Bf5g6
14.Rh1g1 Nc6d4
15.Qh4xd8 Nd4xf3
16.Be2xf3 Ra8xd8
17.Bf3xb7 Rd8b8
18.g5 Nh6f5
19.Bb7e4 Nf5d4
20.Kd1 Bg6xe4
21.dxe4 Bd6f4
22.b3 Rb8d8
23.c3 Nd4f3
24.Kc2 Nf3xg1
{ resign }
0-1

[Event "Tourn. n9328"]
[Site "www.chess-mail.com"]
[Date "2017.09.24"]
[Round "1"]
[White "Hundegana"]
[Black "Attatroll"]
[WhiteElo "2050"]
[BlackElo "2000"]
[Result "1/2-1/2"]
[Round "1"]
1.f4 d5
2.g3 c6
3.Ng1f3 Ng8f6
4.d3 Bc8g4
5.Nf3e5 Bg4f5
6.Bf1g2 e6
7.a3 Bf8d6
8.O-O O-O
9.Rf1e1 Nf6g4
10.Ne5xg4 Bf5xg4
11.h3 Bg4h5
12.Nb1c3 Nb8d7
13.Bg2f3 Bh5xf3
14.exf3 Nd7f6
15.Kg2 Nf6h5
16.Nc3a4 g5
17.fxg5 Nh5xg3
18.f4 Ng3f5
19.c3 Nf5h4
20.Kg3 Qd8xg5
21.Qd1g4 Nh4f5
22.Kf3 Nf5h4
23.Kf2 Qg5xg4
24.hxg4 Nh4g6
25.f5 exf5
26.gxf5 Ng6h4
27.Re1g1 Kh8
28.b4 Nh4xf5
29.Bc1g5 Bd6e5
30.d4 Nf5xd4
31.cxd4 Be5xd4
32.Kf3 f5
33.Ra1d1 Bd4xg1
34.Rd1xg1 Ra8e8
35.Na4c5 b6
36.Nc5d7 Rf8f7
37.Bg5f6 Rf7xf6
38.Nd7xf6 Re8f8
39.Nf6d7 Rf8g8
40.Rg1h1 Kg7
41.Nd7e5 Kf6
42.Ne5xc6 Rg8g7
43.Nc6d4 a5
44.b5 Ke5
45.Nd4c6 Kd6
46.Kf4 Kc5
47.a4 Rg7g4
48.Kxf5 Rg4xa4
49.Rh1xh7 Kxb5
50.Nc6e5 Kb4
51.Rh7c7 Ra4a1
52.Ne5d3 Ka3
53.Ke5 Ra1d1
54.Nd3f4 d4
55.Ke4 b5
56.Nf4d3 b4
57.Kxd4 b3
58.Kc3 a4
59.Rc7a7 b2
60.Nd3xb2 Rd1c1
61.Kd2 Rc1h1
62.Nb2xa4 Rh1h2
63.Kc3 Rh2h3
64.Kc2 Rh3h2
65.Kd1 Rh2h1
66.Ke2 Rh1h2
67.Kf1 Kb4
68.Na4b6 Kb5
69.Nb6d5 Kc5
70.Nd5f4 Kb6
71.Ra7g7 Rh2a2
72.Nf4e2 Kc5
73.Rg7g6 Ra2c2
74.Kf2 Kd5
75.Rg6g5 Ke4
76.Rg5g4 Kf5
77.Rg4g3 Rc2a2
78.Rg3b3 Ke6
79.Kf3 Kd6
80.Ke3 Ra2a6
81.Ne2d4 Ra6a1
82.Rb3b6 Kc7
83.Rb6h6 Ra1a3
84.Ke4 Ra3a4
85.Kd5 Ra4a5
86.Kc4 Ra5a4
87.Kc5 Ra4a5
88.Nd4b5 Kd7
89.Rh6d6 Ke7
90.Rd6b6 Ra5a1
91.Nb5d4 Ra1c1
92.Kd5 Rc1d1
93.Rb6e6 Kd7
94.Re6e4 Kc7
95.Re4e7 Kb6
96.Re7e6 Kc7
97.Re6c6 Kb7
98.Rc6c4 Kb6
99.Rc4b4 Ka5
100.Rb4c4 Kb6
101.Kd6 Kb7
102.Kc5 Kc7
103.Kd5 Kd7
104.Ke5 Rd1e1
105.Kd5 Ke7
106.Rc4c7 Kf6
107.Nd4f3 Re1d1
108.Ke4 Kg6
109.Rc7c6 Kf7
110.Ke5 Rd1f1
111.Nf3g5 Kg7
112.Rc6c7 Kg6
113.Ng5e4 Rf1e1
114.Rc7c6 Kg7
115.Rc6d6 Kf7
116.Rd6d4 Kg6
117.Ke6 Re1e3
118.Rd4c4 Kh5
119.Kf5 Re3f3
120.Ke5 Kg6
121.Ke6 Rf3e3
122.Ke5 Re3e1
123.Rc4c8 Kf7
124.Rc8c7 { draw }
1/2-1/2

[Event "Tourn. n9356"]
[Site "www.chess-mail.com"]
[Date "2017.09.24"]
[Round "1"]
[White "Passaroa25"]
[Black "Azulmarino"]
[WhiteElo "1630"]
[BlackElo "1560"]
[Result "0-1"]
[Round "1"]
1.e4 e5
2.f3 Bf8c5
3.Ng1e2 Qd8h4
4.Ne2g3 Ng8f6
5.d3 b6
6.Qd1e2 Bc8a6
7.Bc1e3 Bc5xe3
8.Qe2xe3 O-O
9.Nb1c3 Nb8c6
10.O-O-O Qh4f4
11.Qe3xf4 exf4
12.Ng3f5 Rf8e8
13.g4 h6
14.Bf1e2 Nc6e5
15.Kb1 b5
16.h4 Ba6c8
17.Nc3xb5 Ra8b8
18.c4 Rb8b7
19.h5 d6
20.b3 a6
21.Nb5a3 Bc8xf5
22.exf5 Ne5c6
23.Be2f1 Re8e3
24.Bf1g2 Nc6d4
25.Na3c2 Nd4xb3
26.axb3 Rb7xb3
27.Ka2 Rb3c3
28.Nc2xe3 fxe3
29.Kb2 e2
30.Kxc3 exd1Q
31.Rh1xd1 Nf6d7
32.d4 Nd7b6
33.Kb4 c5
34.Ka5 Nb6xc4
35.Kxa6 Nc4e3
36.Rd1d2 c4
37.Kb6 c3
38.Rd2e2 c2
39.Re2xc2 Ne3xc2
40.d5 Nc2e3
41.Kc6 Ne3xg2
42.Kxd6 Ng2e1
43.f4 Kf8
44.Kc6 Ke7
45.d6 Kd8
46.g5 Ne1f3
47.g6 f6
48.Kd5 Nf3h4
49.Ke6 Ke8
50.d7 Kd8
51.Kf7 Nh4xf5
52.Kg8 Kxd7
53.Kf7 Kd6
54.Kg8 Kd5
55.Kf7 Ke4
56.Kg8 Kxf4
57.Kh7 Kg5
58.Kg8 Kxh5
59.Kh7 Kg5
60.Kg8 h5
61.Kh7 h4
62.Kg8 h3
63.Kf7 h2
64.Kg8 h1Q
65.Kf7 Qh1b7
66.Kg8 Kxg6
67.Kf8 Qb7e7
{ resign }
0-1

[Event "Tourn. n9514"]
[Site "www.chess-mail.com"]
[Date "2017.09.24"]
[Round "1"]
[White "Bira47"]
[Black "Nulladies"]
[WhiteElo "2040"]
[BlackElo "1960"]
[Result "1-0"]
[Round "1"]
1.c4 c5
2.g3 g6
3.Bf1g2 Bf8g7
4.Nb1c3 e6
5.e3 Ng8e7
6.Ng1e2 O-O
7.O-O d5
8.cxd5 exd5
9.d4 cxd4
10.exd4 Nb8c6
11.Bc1g5 h6
12.Bg5e3 Bc8e6
13.Ne2f4 Be6f5
14.Nf4xd5 Bf5e6
15.Nd5xe7 Qd8xe7
16.d5 Ra8d8
17.Qd1e2 Be6d7
18.dxc6 Bd7xc6
19.Bg2xc6 bxc6
20.Rf1d1 a5
21.Qe2c4 Qe7b7
22.Qc4b3 Qb7a6
23.a4 Rf8e8
24.Rd1xd8 Re8xd8
25.Ra1d1 Rd8xd1
26.Qb3xd1 Bg7xc3
27.bxc3 Qa6c4
28.Qd1d8 Kg7
29.Be3d4 { resign }
1-0

[Event "Tourn. n9319"]
[Site "www.chess-mail.com"]
[Date "2017.09.24"]
[Round "1"]
[White "Seger"]
[Black "Pdebonis"]
[WhiteElo "2680"]
[BlackElo "2590"]
[Result "1-0"]
[Round "1"]
1.e4 c5
2.d3 Nb8c6
3.g3 d5
4.exd5 Qd8xd5
5.Ng1f3 Bc8g4
6.Bf1g2 Ng8f6
7.h3 Bg4xf3
8.Qd1xf3 Qd5xf3
9.Bg2xf3 Nc6d4
10.Bf3d1 e6
11.Nb1d2 Bf8e7
12.a4 Nd4c6
13.Nd2c4 Ra8d8
14.a5 O-O
15.Ke2 Nc6d4
16.Kd2 Nd4c6
17.Bd1f3 Nf6d5
18.c3 Be7g5
19.Kc2 Bg5xc1
20.Rh1xc1 Rd8d7
21.Bf3g2 g6
22.Rc1e1 Rf8d8
23.Ra1a3 Kg7
24.Ra3b3 Rd7e7
25.h4 Re7c7
26.Bg2e4 Rd8d7
27.Kb1 Rd7d8
28.Rb3b5 Nc6e7
29.h5 a6
30.Rb5b3 Ne7c6
31.Kc2 f5
32.Be4g2 Kf6
33.Rb3a3 g5
34.Ra3a1 g4
35.Re1e2 h6
36.Ra1e1 Rc7e7
37.Kb1 Rd8d7
38.Kc2 Rd7d8
39.Kd2 Re7e8
40.f3 gxf3
41.Bg2xf3 Re8e7
42.Bf3h1 Rd8d7
43.Kc2 Rd7d8
44.Re1f1 Re7g7
45.Nc4d2 Ke7
46.Rf1e1 Nd5c7
47.Nd2b3 Kd6
48.Bh1xc6 Kxc6
49.d4 c4
50.Nb3d2 Rg7xg3
51.Nd2xc4 Rd8g8
52.Nc4e5 Kd6
53.Ne5d3 Rg3g2
54.Nd3c5 Ke7
55.Re2xg2 Rg8xg2
56.Kb3 Rg2g8
57.c4 Kf6
58.Nc5d7 Ke7
59.Nd7c5 Kf6
60.Kb4 Rg8g4
61.Re1d1 Rg4g7
62.b3 Nc7e8
63.Rd1e1 Ne8c7
64.Kc3 Rg7g3
65.Kb4 Rg3g7
66.Nc5d3 Rg7g3
67.Re1d1 Nc7e8
68.Kc5 Rg3g7
69.Nd3f4 Rg7g4
70.Nf4g6 Rg4g3
71.b4 Kg5
72.Rd1e1 Kxh5
73.Ng6f4 Kg4
74.Nf4xe6 h5
75.d5 h4
76.Kb6 h3
77.c5 Rg3d3
78.Re1g1 Kh4
79.Kxb7 h2
80.Rg1h1 Kg3
81.Kxa6 { resign }
1-0

[Event "Tourn. n9527"]
[Site "www.chess-mail.com"]
[Date "2017.09.24"]
[Round "1"]
[White "Amaya"]
[Black "Luban"]
[WhiteElo "2070"]
[BlackElo "2100"]
[Result "1-0"]
[Round "1"]
1.d4 d5
2.e3 e6
3.Bf1d3 c5
4.c3 Ng8f6
5.Nb1d2 c4
6.Bd3c2 a6
7.f4 b5
8.Ng1f3 Bc8b7
9.O-O Nb8c6
10.Nf3e5 Bf8e7
11.Qd1f3 O-O
12.a3 Qd8c7
13.g4 g6
14.e4 Nc6xe5
15.fxe5 dxe4
16.Nd2xe4 Nf6xe4
17.Bc2xe4 Bb7xe4
18.Qf3xe4 Ra8d8
19.Qe4f3 Be7h4
20.Bc1h6 Rf8e8
21.g5 Rd8d5
22.Qf3h3 Qc7a7
23.Qh3xh4 Rd5xe5
24.Rf1f2 Re5f5
25.Ra1f1 Rf5xf2
26.Qh4xf2 e5
27.Qf2f6 { resign }
1-0

[Event "Tourn. n9526"]
[Site "www.chess-mail.com"]
[Date "2017.09.24"]
[Round "1"]
[White "Comrade"]
[Black "Bojan"]
[WhiteElo "2270"]
[BlackElo "2000"]
[Result "1-0"]
[Round "1"]
1.c4 g6
2.d4 d5
3.cxd5 Qd8xd5
4.Nb1c3 Qd5d8
5.Ng1f3 Bf8g7
6.e4 c6
7.Bf1c4 f6
8.O-O Ng8h6
9.h3 Nb8d7
10.Bc1f4 Nd7b6
11.Bc4b3 Nh6f7
12.Qd1c2 a5
13.Ra1d1 Bc8d7
14.Rf1e1 O-O
15.e5 Bd7f5
16.Nc3e4 h6
17.g4 Bf5d7
18.e6 Nb6d5
19.Bb3xd5 cxd5
20.Ne4c5 Bd7c6
21.exf7 Rf8xf7
22.Qc2xg6 b6
23.Nc5e6 { resign }
1-0

[Event "Tourn. n9519"]
[Site "www.chess-mail.com"]
[Date "2017.09.24"]
[Round "1"]
[White "Tartan"]
[Black "Coolant"]
[WhiteElo "2440"]
[BlackElo "2320"]
[Result "1-0"]
[Round "1"]
1.e4 Nb8c6
2.d4 d5
3.Nb1c3 a6
4.exd5 Nc6b4
5.a3 Nb4xd5
6.Nc3xd5 Qd8xd5
7.Ng1f3 Bc8g4
8.Bf1e2 O-O-O
9.Bc1e3 Ng8f6
10.O-O e6
11.Nf3e5 Bg4xe2
12.Qd1xe2 Rh8g8
13.c4 Qd5e4
14.f3 Qe4h4
15.g3 Qh4h5
16.g4 Qh5h4
17.Ne5xf7 Rd8e8
18.Qe2g2 { resign }
1-0